Metal Gear - Which Snake? - Statistics

General Stats
  • This quiz has been taken 9 times
  • The average score is 10 of 12
Answer Stats
Question Answer % Correct
The only blonde snake Liquid Snake
100%
Famous Quote - "LIQUUUUIIIIIIDDD" Solid Snake
100%
Identified by his shrapnel horn Venom Snake
100%
Created outer heaven Naked Snake
88%
Famous Quote - "I'm Big Boss, and you are too" Naked Snake
88%
Climbed an Infamously tall ladder Naked Snake
88%
Enemy of Big Boss Solid Snake
88%
Has a useful prosthetic arm Venom Snake
88%
Also known as Eli Liquid Snake
75%
Worked with Psycho Mantis Liquid Snake
75%
Also known as "Old Snake" Solid Snake
75%
Leader of the Diamond Dogs Venom Snake
75%
No matching quizzes found
Score Distribution
Percent of People with Each Score
Percentile by Number Answered
Your Score History
You have not taken this quiz